| 000 | 01382nam0a2200349 4500 | ||
|---|---|---|---|
| 001 | RU\NLR\bibl\1504313 | ||
| 005 | 20260408183921.0 | ||
| 010 |
_a978-5-7598-0699-8 _91000 |
||
| 021 |
_aRU _b2010-18615 _91252 |
||
| 035 | _a(NLR Aleph) 001495745 | ||
| 090 |
_a1784650 _c1784650 |
||
| 100 | _a20100426d2010 k y0rusy50 ca | ||
| 101 | 0 | _arus | |
| 102 | _aRU | ||
| 105 | _aa ||||||||| | ||
| 200 | 1 |
_aЭкономические инструменты внешней политики и политические риски _fМ.В. Братерский |
|
| 210 |
_aМосква _cИздательский дом Государственного университета Высшей школы экономики _d2010 |
||
| 215 |
_a230, [2] с. _cграф. _d21 |
||
| 320 | _aБиблиогр. в подстроч. примеч. | ||
| 606 | 1 |
_aВнешняя политика _xТеория _92566373 _3RU\NLR\auth\661517831 |
|
| 606 | 1 |
_aФинансовые отношения _9905246 _3RU\NLR\auth\669844 |
|
| 606 |
_aРиск (полит.) _3RU\NLR\auth\661076035 _91743176 |
||
| 686 | _aФ01 | ||
| 686 | _aТ3(0)63-6в | ||
| 686 | _aУ26(0)8 | ||
| 700 | 1 |
_aБратерский _bМ. В. _gМаксим Владимирович _4070 |
|
| 801 | 0 |
_aRU _bNLR _c20100426 _gRCR |
|
| 801 | 1 |
_aRU _bNLR _c20100426 |
|
| 830 | _aпо кн | ||
| 942 | _cBOOK | ||
| 980 | _aNB | ||